Τα ολυμπιακά αθλήματα

Αποθηκεύτηκε σε:
Λεπτομέρειες βιβλιογραφικής εγγραφής
Συλλογικό Έργο: Υπουργείο Εθνικής Παιδείας και Θρησκευμάτων, Οργανωτική Επιτροπή Ολυμπιακών Αγώνων Αθήνα 2004
Άλλοι συγγραφείς: Κιουμουρτζόγλου, Ευθύμης (Επιμελητής έκδοσης)
Μορφή: Βιβλίο
Γλώσσα:Greek
Δημοσίευση: Αθήνα : Λιβάνη, 2001.
Θέματα:
Ετικέτες: Προσθήκη ετικέτας
Δεν υπάρχουν, Καταχωρήστε ετικέτα πρώτοι!

MARC

LEADER 00000cam a2200000 i 4500
001 1/62136
008 041005s2001 gr | ||| |||| ||gre||
020 |a 9603935425 
035 |l 10074597 
040 |a GR-MyUA  |b gre  |e AACR2 
041 0 |a gre 
082 0 |a 796.48 
245 1 3 |a Τα ολυμπιακά αθλήματα /   |c υπεύθυνος έργου Ευθύμης Κιουμουρτζόγλου.  
260 |a Αθήνα :   |b Λιβάνη,   |c 2001.  
300 |a 158 σ. :   |b εικ. ;   |c 24 εκ.  
650 0 0 |a Games, Greek and Roman  |x History. 
650 0 0 |a Sports  |z Greece  |x History. 
650 0 0 |a Olympics  |x History. 
650 0 0 |a Olympic games (Ancient) 
650 0 0 |a Sports  |x Rules. 
700 1 |a Κιουμουρτζόγλου, Ευθύμης,  |e edt 
710 2 |a Υπουργείο Εθνικής Παιδείας και Θρησκευμάτων. 
710 0 |a Οργανωτική Επιτροπή Ολυμπιακών Αγώνων Αθήνα 2004. 
852 |a INST  |b SAMOS  |e 20041005  |h 796.48 ΟΛΥ  |p 005300023310  |q 005300023310  |t BK  |y 0 
901 |a BIBL3-2004-3 
909 |a Σ  |b 107358 
920 |a Βιβλιοθήκες και δια βίου εκπαίδευση  |y Σάμος  |z 2004-06 
970 |a ΜΑΛΑΓΑΡΗ  |b ΦΩΤΕΙΝΗ  |z 2004/10/05